Mega-Mega

Bibliographic Details
Main Author: Abdul Talib Hassan
Format: Book
Published: Kuala Lumpur : Creative Enterprise , 1991
Subjects:

MARC

LEADER 00000cam a2200000 7i4500
001 0000008764
002 000009556
005 20000330.0
020 |a 9838930199 
090 0 0 |a F   |b ABD 
100 0 |a Abdul Talib Hassan 
245 1 0 |a Mega-Mega   |c Abdul Talib Hassan 
260 |a Kuala Lumpur :   |b Creative Enterprise ,   |c 1991 
300 |a 137p. ;   |c 18cm. 
650 0 0 |a General fiction, Malay 
999 |a 022164   |b BUKU   |c PINJAMAN   |e PERPUSTAKAAN KOMUNITI PETALING JAYA 
999 |a 022166   |b BUKU   |c PINJAMAN   |e PERPUSTAKAAN KOMUNITI PETALING JAYA